Un río y una ciudad de plata: itinerario histórico de Valdivia

Guardat en:
Dades bibliogràfiques
Autor principal: Guarda Geywitz, Gabriel (autor)
Format: Llibre
Idioma:espanyol
Publicat: Valdivia, Chile Universidad Austral de Chile 1969
Matèries:
Etiquetes: Afegir etiqueta
Sense etiquetes, Sigues el primer a etiquetar aquest registre!

MARC

LEADER 00000nam a2200000 a 4500
001 UCO2584
003 CL-VaPUC
005 20241021151251.0
008 000608e19690000CL |||||||||||||||||spa|d
999 |c 289089  |d 289087 
040 |c Pontificia Universidad Católica de Valparaíso 
082 0 4 |a 983.52 GUA 1979  |2 21 
100 |a Guarda Geywitz, Gabriel  |e autor  |9 570466 
245 1 3 |a Un río y una ciudad de plata:  |b  itinerario histórico de Valdivia 
260 |a Valdivia, Chile  |b Universidad Austral de Chile  |c 1969 
300 |a 145 páginas 
583 |a last modification  |c 20000608 00:00:00  |k Rodrigo Vera 
650 0 |a Ciudades  |z VALDIVIA  |z CHILE  |9 265474 
650 0 |a Historia  |z VALDIVIA  |z CHILE  |9 255047 
852 |a BIBCUR 
942 |c BK  |2 ddc 
945 |d 20000608 00:00:00  |a crobeson 
952 |0 0  |1 0  |2 ddc  |4 0  |6 983_520000000000000_GUA_1969  |7 0  |8 A  |9 337239  |a BIBHIS  |b BIBHIS  |d 2019-11-20  |i 1292994  |o 983.52 GUA 1969  |p 1292994  |r 2025-01-20  |t 1  |w 2019-11-20  |y BK  |k HIS